000 00665nam a2200265Ia 4500
005 20260121165704.0
008 008 260114s9999 xx 000 0 eng d
020 _a9781493929115
037 _aEBOOK
040 _aCRL
040 _beng
040 _cCRL
041 _2eng
041 _aeng
084 _qCRL
100 _aWilliam C. Gause, David Artis
_91054826
245 4 _aThe Th2 Type Immune Response in Health and Disease
260 _bSpringer
260 _bSpringer
260 _c2016
856 _uhttps://link.springer.com/openurl?genre=book&isbn=978-1-4939-2911-5
942 _cEBOOK
999 _c1620553
_d1620553